| 000 | 01516nam a2200241Ia 4500 | ||
|---|---|---|---|
| 003 | Ost | ||
| 005 | 20260507075328.0 | ||
| 008 | 260507s9999||||xx |||||||||||||| ||und|| | ||
| 020 | _a9789957067229 | ||
| 040 | _cfsecg | ||
| 041 | _aara | ||
| 082 | _a330 | ||
| 100 |
_aالذيبة، زياد عبد الحميد _eمؤلف |
||
| 245 | 0 |
_aنظم المعلومات في الرقابة والتدقيق / _c زياد عبد الحميد الذيبة |
|
| 260 |
_aعمان: _bدار المسيرة, _c2011 |
||
| 300 |
_a256 صفحة؛ _c25 سم |
||
| 520 | _aتكنولوجيا نظم المعلومات في منظمات الأعمال ، تدقيق نطم المعلومات المحاسبية ، التهديدات و الأخطار التي تتعرض لها أنظمة المعلومات المحاسبية ، الرقابة على نظم المعلومات المحاسبية ، مبادئ الرقابة على النظام المحاسبي ، نظام المعلومات على دورة المشتريات ، الرقابة على نظام المخزون و الرقابة علة نظام الموارد البشرية ، الحاكمية المؤسسية و حاكمية تكنولوجيا المعلومات مع وجود أسئلة في نهاية كل فصل | ||
| 653 | _aالرقابة | ||
| 653 | _aمراجعة الحسابات | ||
| 653 | _aنظم المعلومات- المؤسسة الممتدة | ||
| 700 |
_aالرمحي، نضال محمود _eمؤلف ثانوي |
||
| 942 | _cكتاب | ||
| 999 |
_c43982 _d43982 |
||